000 00409nam a2200121Ia 4500
008 191111s9999 xx 000 0 und d
020 _a9789292571351
245 _aIntegrating SMEs into global value chains challenges and policy actions in asia /
260 _aManila :
_bAsian Development bank, Asian Development Bank Institute
_c2015
300 _axiv, 159 pages.
650 _aBusiness
650 _aCommerce
999 _c362663
_d362663